Vybrané aspekty regionálnej samosprávy na Slovensku

Aspekty regionálnej samosprávy na Slovensku s osobitným zreteľom na politické súvislosti. Previazanosť ekonomického fungovania samospráv na politický systém SR.

Enregistré dans:
Détails bibliographiques
Auteur principal: Brix, Richard
Format: Chapitre de livre
Langue:slovaque
Sujets:
Tags: Ajouter un tag
Pas de tags, Soyez le premier à ajouter un tag!

MARC

LEADER 00000naa a2200000 4500
001 0181816
005 20231211131603.5
041 0 |a slo 
044 |a SK 
245 1 0 |a Vybrané aspekty regionálnej samosprávy na Slovensku  |c Richard Brix 
520 |a Aspekty regionálnej samosprávy na Slovensku s osobitným zreteľom na politické súvislosti. Previazanosť ekonomického fungovania samospráv na politický systém SR. 
610 2 0 |a Slovensko 
610 2 0 |a samospráva 
610 2 0 |a samospráva regionálna 
610 2 0 |a politika 
610 2 0 |a voľby 
610 2 0 |a politika regionálna 
100 1 |a Brix, Richard